Financovanie dopravy na Slovensku so zameraním na železničnú dopravu bakalárska práca

Enregistré dans:
Détails bibliographiques
Auteur principal: Štefanatná, Zuzana
Collectivité auteur: Národohospodárska fakulta EU. Katedra financií
Autres auteurs: Gertler, Ľubomíra, 1977-
Format: Livre
Langue:slovaque
Publié: Bratislava 2011
Tags: Ajouter un tag
Pas de tags, Soyez le premier à ajouter un tag!

MARC

LEADER 00000nbm a2200000 4500
001 0139921
005 20161109111654.2
041 0 |a slo 
044 |a SK 
245 1 0 |a Financovanie dopravy na Slovensku so zameraním na železničnú dopravu  |b bakalárska práca  |c Zuzana Štefanatná ; školiteľ: Ľubomíra Gertler 
264 1 |a Bratislava  |c 2011 
300 |a 35 s. 
100 1 |a Štefanatná, Zuzana 
700 1 |a Gertler, Ľubomíra, 1977- 
710 2 |a Národohospodárska fakulta EU. Katedra financií